| 000 | 01568nam a2200301 u 4500 | ||
|---|---|---|---|
| 001 | 000284291 | ||
| 003 | AM-YeHGA | ||
| 005 | 20250618071851.0 | ||
| 008 | 031117s2003 ||| r 000 0 rus d | ||
| 020 | _a5850574808 | ||
| 040 | _aAM-YeHGA | ||
| 041 | 1 |
_arus _heng |
|
| 100 | 1 |
_aԱռլեն, Մայքլ Կրտսեր, _d1930- _93108 |
|
| 245 | 1 | 0 |
_aПутешествие к Арарату : _bРоман-эссе / _cМайкл Арлен-младший; Пер. с англ. Арама Оганяна; Ил. Т. Арутюнян. |
| 260 |
_aРязань : _bУзорочье, _c2003. |
||
| 300 |
_a198 с. : _bил. ; _c21 см. |
||
| 500 | _aКн. издана при содействии проф., известного рос. геолога Г.А. Габриэлянца | ||
| 520 | _aДанная книга была первоначально напечатана в журнале "Нью-Йоркер", после чего выдержала много изданий; ей присуждена Национальная книжная премия. | ||
| 650 | 1 | 4 |
_aХудожественная литература _zСША |
| 650 | 1 | 4 | _aХудожественная проза |
| 650 | 1 | 4 | _aАрмяне |
| 653 | 0 | _aАмериканская литература | |
| 650 | 1 | 4 |
_aИстория армянского народа _95523 |
| 653 | 0 | _aПроизведения художественной литературы | |
| 700 | 1 |
_aОганян, Арам _eпер. _4trl |
|
| 700 | 1 |
_aАрутюнян, Т.Р. _eил. _4ill |
|
| 090 | _c105483 | ||
| 999 |
_c104162 _d104162 |
||